Pick the Anagram: Car Companies II Quiz Stats

 Plays Quiz not verified by Sporcle

Support Sporcle.
Go Orange.
Score 0/9 Timer 05:00
0 Plays Today
% Correct
EONLAKVSGW
86.1%
NIIM
81.9%
YAOTTO
78.8%
HINDUYA
78.7%
GUAJRA
78.5%
IITNNIIF
75.2%
URUSAB
73.6%
EEPTOUG
63.8%
ABILHRIMNOG
58.6%

You're not logged in!

Compare scores with friends on all Sporcle quizzes.
OR
Log In

From the Vault

5-by-5 Grid Logic Puzzle III

by The_Professor

Think logically and carry a big brain.
Remove Ads.
Support Sporcle.
Get the best of Sporcle when you Go Orange. This ad-free experience offers more features, more stats, and more fun while also helping to support Sporcle. Thank you for becoming a member.

Show Comments

Extras

Top Quizzes Today


Score Distribution

Your Account Isn't Verified!

In order to create a playlist on Sporcle, you need to verify the email address you used during registration. Go to your Sporcle Settings to finish the process.

Report this User

Report this user for behavior that violates our Community Guidelines.

Details: